000 00414nam a2200133 4500
008 020403s1914 enk engYA
090 _aB51.4
_bT34
100 1 _aThilly, Frank
245 1 0 _aA history of philosophy /
_cby Frank Thilly.
260 _aNew York :
_bHenry Holt and Co.,
_cc1914.
300 _a612 p.
650 4 _aPhilosophy
_xHistory.
951 _p6240
_x00013782
_oB51.4/T34
_j070613111055765
_d2000-12-21
_cGC
999 _c7132
_d7132